000 00218 a2200097 4500
001 5912
100 _aHornung,JL
245 _aRadio operating Questions and answers
260 _a
_bMcGraw hill
_c
090 _c4827
_d4827
942 _aNUST-CAE
_cM
_c31186
999 _c240985
_d240985